| 000 | 00765nam a2200181 a 4500 | ||
|---|---|---|---|
| 005 | 20230331063512.0 | ||
| 008 | 050518s1990 mx r 000 0 spa d | ||
| 035 | _aUPN01000138781 | ||
| 049 | _aCG | ||
| 050 | 4 |
_aLB1719 M6 _bZ3.2 |
|
| 100 | 1 | _aZapata Castillo, Elsa Josefina | |
| 245 | 1 | 0 |
_aAnálisis de la formación académica que se propició entre los egresados de la carrera de pedagogía en la ENEP Aragón 1976-1983 / _cElsa Josefina Zapata Castillo. |
| 260 |
_aMéxico : _bE. J. Zapata Castillo, _c1990. |
||
| 300 | _a141 h. | ||
| 502 | _aTesis (Lic. en Pedagogía )-- Universidad Nacional Autónoma de México. Facultad de Filosofía y Letras. Colegio de Pedagogía, 1990 | ||
| 650 | 4 |
_aMaestros _xFormación profesional _zMéxico _9796 |
|
| 905 | _aLibro | ||
| 999 |
_c110929 _d110929 |
||